000 00473nam a2200157 4500
001 127547
003 ES-MaACL
007 t|
008 070214s1918 fr r ||||1| fre d
100 1 _aRistelhueber, René.
_997476
245 1 0 _aTraditions françaises au Liban /
_cRené Ristelhueber ; préface de Gabriel Hanotaux.
260 _aParis :
_bFélix Alcan,
_c1918.
300 _aXI, 314 p. ;
_c23 cm.
700 1 _aHanotaux, Gabriel.
_961744
852 _aES-MaACL
_jG-4988
999 _c127547
_d127547